00841nam a2200229 a 4500001001900000003000400019005001700023008004100040035002500081035002100106040002400127043003000151080002700181084002300208100003100231245010500262260003000367300002000397651007500417651009000492830002900582991002290419706706OSt20211217115529.0031112s1944 spc|||||| 000 ||spa|c a(ES-BaCBU).b10500789 a(OCoLC)801938398 aES-BaCBUbcatcCDMR ae-sp---be-spc--2catmarc a911.375(467.11)"18/19" a9(46.71Bar)"18"2z1 aCaballé i Clos, Tomàs,10aBarcelona de antaño :bmemorias de un viejo reportero barcelonés /cpor Tomás Caballé y Clos aBarcelona :bAries,c1944 a230 p. ;c22 cm 7aBarcelona (Catalunya)xHistòriayS. XIX-XX.2lemacvRelats personals 7aBarcelona (Catalunya)xHistòriay1874-1931, RestauracióxRelats personals.2lemac 0aEvocaciones barcelonesas